000 00304nam a22001217a 4500
008 230621b xxu||||| |||| 00| 0 eng d
082 _a328.35
_bIPU 1986
245 _aInter-Parliamentary Bulletin
260 _aGeneva
_bInter-Parliamentary Union
_c1986
300 _a162p
440 _n3
942 _2ddc
_cBK
999 _c2249
_d2249